| 000 -LEADER |
| fixed length control field |
01682nas a2200421 a 4500 |
| 001 - CONTROL NUMBER |
| control field |
18348622 |
| 005 - DATE AND TIME OF LATEST TRANSACTION |
| control field |
20180202092243.0 |
| 008 - FIXED-LENGTH DATA ELEMENTS--GENERAL INFORMATION |
| fixed length control field |
100224d19501960ilumr p o 0 a0eng c |
| 010 ## - LIBRARY OF CONGRESS CONTROL NUMBER |
| LC control number |
2011263047 |
| 022 0# - INTERNATIONAL STANDARD SERIAL NUMBER |
| International Standard Serial Number |
2375-6799 |
| Incorrect ISSN |
0888-2479 |
| Source |
1 |
| 035 ## - SYSTEM CONTROL NUMBER |
| System control number |
(OCoLC)ocn527814167 |
| 037 ## - SOURCE OF ACQUISITION |
| Source of stock number/acquisition |
American Medical Association, 515 N. State St., Chicago, IL 60610 |
| 040 ## - CATALOGING SOURCE |
| Original cataloging agency |
FFQ |
| Language of cataloging |
eng |
| Transcribing agency |
FFQ |
| Modifying agency |
OCLCE |
| -- |
LGG |
| -- |
VRC |
| -- |
TXA |
| -- |
OCLCQ |
| -- |
OCLCF |
| -- |
DLC |
| 041 ## - LANGUAGE CODE |
| Language code of text/sound track or separate title |
eng |
| 042 ## - AUTHENTICATION CODE |
| Authentication code |
pcc |
| -- |
dlr |
| 060 #4 - NATIONAL LIBRARY OF MEDICINE CALL NUMBER |
| Classification number |
W1 |
| Item number |
A126 |
| 080 ## - UNIVERSAL DECIMAL CLASSIFICATION NUMBER |
| Universal Decimal Classification number |
616 JAY |
| 082 14 - DEWEY DECIMAL CLASSIFICATION NUMBER |
| Classification number |
616 JAY |
| Edition number |
11 |
| 100 ## - Rafti |
| Rafti |
3 |
| 101 ## - Shkurtesa |
| Shkurtesa |
SHM |
| 210 0# - ABBREVIATED TITLE |
| Abbreviated title |
A.M.A. arch. inter. med. |
| Qualifying information |
(Online) |
| 222 #0 - KEY TITLE |
| Key title |
A.M.A. archives of internal medicine |
| Qualifying information |
(Online) |
| 245 00 - TITLE STATEMENT |
| Title |
A.M.A. archives of internal medicine |
| 246 3# - VARYING FORM OF TITLE |
| Title proper/short title |
American Medical Association archives of internal medicine |
| 246 3# - VARYING FORM OF TITLE |
| Title proper/short title |
AMA archives of internal medicine |
| 246 3# - VARYING FORM OF TITLE |
| Title proper/short title |
Arch. intern. med |
| 246 3# - VARYING FORM OF TITLE |
| Title proper/short title |
Archives of internal medicine |
| 310 ## - CURRENT PUBLICATION FREQUENCY |
| Current publication frequency |
Monthly |
| 362 1# - DATES OF PUBLICATION AND/OR SEQUENTIAL DESIGNATION |
| Dates of publication and/or sequential designation |
Began with: Vol. 86, no. 4 (Oct. 1950); ceased with: vol. 105, no. 6 (June 1960). |
| 506 ## - RESTRICTIONS ON ACCESS NOTE |
| Materials specified |
Use copy |
| Institution to which field applies |
MiAaHDL |
| Standardized terminology for access restriction |
Restrictions unspecified |
| Source of term |
star |
| 533 ## - REPRODUCTION NOTE |
| Type of reproduction |
Electronic reproduction. |
| Place of reproduction |
[S.l.] : |
| Agency responsible for reproduction |
HathiTrust Digital Library, |
| Date of reproduction |
2010. |
| 776 08 - ADDITIONAL PHYSICAL FORM ENTRY |
| Display text |
Print version: |
| Title |
A.M.A. archives of internal medicine |
| International Standard Serial Number |
0888-2479 |
| Record control number |
(DLC) 53039642 |
| -- |
(OCoLC)1589859 |
| 780 00 - PRECEDING ENTRY |
| Title |
Archives of internal medicine (1908) |
| Record control number |
(DLC) 2011263001 |
| -- |
(OCoLC)631836604 |
| 785 00 - SUCCEEDING ENTRY |
| Title |
Archives of internal medicine (1960) |
| International Standard Serial Number |
1538-3679 |
| Record control number |
(DLC) 00227037 |
| -- |
(OCoLC)43388654 |
| 906 ## - LOCAL DATA ELEMENT F, LDF (RLIN) |
| a |
7 |
| b |
bbc |
| c |
sercoop |
| d |
u |
| e |
ncip |
| f |
20 |
| g |
n-oclcserc |
| 942 ## - ADDED ENTRY ELEMENTS (KOHA) |
| Source of classification or shelving scheme |
|
| Item type |
Books |